| 000 | 00939cam a2200229 4500 | ||
|---|---|---|---|
| 001 | WB3719-04 | ||
| 008 | 000000n2001 000 0 eng u | ||
| 035 | _a(Sirsi) u112655 | ||
| 245 | _aOutput reaches four-year high | ||
| 260 | _c2001 | ||
| 490 |
_aContract Journal _v408(6327) 16 May 2001, 2(1) |
||
| 520 | _aAccording to the Construction Confederation's latest construction trends survey, construction output rose to a four-year high in 1Q 2001. Contractors are expecting enquiries and output to improve in 2Q 2001. However, contractors also reported recruitment difficulties had worsened in every skills category, while labour and material costs had risen. | ||
| 590 | _aWB | ||
| 650 | _aCONSTRUCTION CONFEDERATION | ||
| 650 | _aCONSTRUCTION OUTPUT | ||
| 650 | _aTENDERING | ||
| 650 | _aLABOUR COSTS | ||
| 650 | _aMATERIALS COSTS | ||
| 650 | _aCONSTRUCTION TRENDS SURVEY | ||
| 690 | _aBUILT ENVIRONMENT | ||
| 942 | _n0 | ||
| 999 |
_c67055 _d67055 |
||